Memoria leída por el vocal secretario de la Junta Parroquial de Beneficencia de San Luis en la sesión celebrada por dicha junta el 27 de enero de 1862 / (Record no. 53918)

MARC details
000 -LEADER
campo de control de longitud fija 00764nam a22001935i 4500
001 - NÚMERO DE CONTROL
campo de control 53918
003 - IDENTIFICADOR DE NÚMERO DE CONTROL
campo de control ES-MaACL
005 - FECHA Y HORA DE LA ÚLTIMA TRANSACCIÓN
campo de control 20230906162843.0
007 - CAMPO FIJO DE DESCRIPCIÓN FÍSICA--INFORMACIÓN GENERAL
campo de control de longitud fija t|
008 - DATOS DE LONGITUD FIJA--INFORMACIÓN GENERAL
campo de control de longitud fija 960708s1862 sp ||||1| spa d
080 ## - NÚMERO DE LA CLASIFICACIÓN DECIMAL UNIVERSAL
Número de la Clasificación Decimal Universal 262.2(460.27 M.)(065.55)
110 2# - ENTRADA PRINCIPAL--NOMBRE DE ENTIDAD CORPORATIVA
Nombre de entidad corporativa o nombre de jurisdicción como elemento de entrada Junta Parroquial de Beneficencia de San Luis (Madrid)
9 (RLIN) 176204
245 10 - MENCIÓN DEL TÍTULO
Título Memoria leída por el vocal secretario de la Junta Parroquial de Beneficencia de San Luis en la sesión celebrada por dicha junta el 27 de enero de 1862 /
Mención de responsabilidad, etc. [José Fernández Tielve].
260 ## - PUBLICACIÓN, DISTRIBUCIÓN, ETC.
Lugar de publicación, distribución, etc. Madrid :
Nombre del editor, distribuidor, etc. [s.n.],
Fecha de publicación, distribución, etc. 1862 (
Fabricante Oficina tip. de los Asilos de San Bernardino)
300 ## - DESCRIPCIÓN FÍSICA
Extensión 15 p. ;
Dimensiones 21 cm.
650 #4 - PUNTO DE ACCESO ADICIONAL DE MATERIA--TÉRMINO DE MATERIA
Término de materia o nombre geográfico como elemento de entrada Beneficencia-
Subdivisión geográfica Madrid.
9 (RLIN) 150492
700 1# - ENTRADA AGREGADA--NOMBRE PERSONAL
Nombre de persona Fernández Tielve, José.
9 (RLIN) 50115
852 4# - LOCALIZACIÓN
Ubicación ES-MaACL
Número de control de estantería T-81-F-4
Holdings
Estatus retirado Estado de pérdida Estado de daño No para préstamo Colección Biblioteca de origen Biblioteca actual Ubicación en estantería Fecha de adquisición Fuente de adquisición Total de préstamos Signatura topográfica completa Código de barras Visto por última vez Precio de reemplazo Tipo de ítem Koha
        Colección de folletos Biblioteca del Ateneo de Madrid Biblioteca del Ateneo de Madrid Depósito folletos 17/01/2008     T-81-F-4 1056663 23/02/2023 23/02/2023 Folleto